Top 100 Most Popular Sports - Statistics

General Stats
  • This quiz has been taken 5,488 times
  • The average score is 31 of 100
Answer Stats
Pos. No. Sport % Correct
1. Football
98%
2. Basketball
93%
7. American Football
92%
5. Baseball
86%
3. Tennis
86%
4. Cricket
81%
21. Field Hockey
81%
16. Swimming
76%
34. Rugby League
72%
18. Rugby Union
72%
8. Athletics
70%
9. Golf
70%
13. Volleyball
68%
10. Boxing
65%
22. Table Tennis
62%
27. Wrestling
59%
29. Downhill Skiing
58%
12. Badminton
57%
11. Ice Hockey
57%
24. Gymnastics
51%
25. Handball
48%
71. Karate
48%
61. Water Polo
47%
14. Cycling
46%
28. Diving
46%
40. Archery
45%
17. Mixed Martial Arts
45%
74. Lacrosse
43%
6. Formula 1
42%
37. Judo
41%
65. Snowboarding
41%
66. Polo
40%
77. Tenpin Bowling
38%
54. Curling
36%
35. Shooting
36%
46. Fencing
35%
62. Skateboarding
35%
69. Softball
35%
64. Darts
34%
53. Surfing
34%
49. Rowing
33%
48. Taekwando
33%
52. Pool
31%
26. Figure Skating
30%
56. Squash
30%
23. Horse Racing
29%
43. Sailing
29%
36. Weightlifting
29%
57. Bobsleigh
28%
84. Competitive Climbing
27%
20. Nascar
26%
39. Kickboxing
25%
47 Equestrian
24%
15. Snooker
24%
42. Sumo
24%
99. Ju Jitsu
23%
50. Beach Volleyball
22%
80. Netball
22%
83. BMX
21%
90. Competitive Dance
21%
60. Triathlon
21%
41. Australian Rules Football
19%
70. Canoeing
19%
45. Ski Jump
18%
30. Speed Skating
17%
38. Biathlon
16%
59. Synchronised Swimming
16%
44. Kung Fu
15%
96. Croquet
14%
55. Cross Country Skiing
13%
19. Moto GP
12%
31 Rally
12%
81. Mountain Biking
10%
94. Rollerskating
10%
93. Modern Pentathlon
9%
73. Motocross
9%
92. Padel
9%
82. Waterski
9%
75. Windsurfing
8%
63. Bull Riding
7%
33. Indycar
7%
88. Competitive Paragliding
6%
79. Racquetball
6%
100. Wakeboarding
6%
95. Rafting
5%
68. Trampolining
5%
87. Bandy
4%
72. Drag Racing
4%
58. Freestyle Skiing
4%
51. Kabaddi
4%
91. Nordic Combined
3%
67. Speedway
3%
78. Dragon Boating
2%
76. Rollerhockey
2%
86. Sepak Takraw
2%
98. Chinlone
1%
97. Kempo
1%
85. Pencak Silat
1%
32. Touring Cars
1%
89. Trial Biking
1%
No matching quizzes found
Score Distribution
Percent of People with Each Score
Percentile by Number Answered
Your Score History
You have not taken this quiz